Statistics for important 2b2t figures

Click here to take the quiz!

General Stats

  • This quiz has been taken 2 times
  • The average score is 3 of 15

Answer Stats

HintAnswer% Correct
Fit__FitMC
100%
Hausem_____Hausemaster
50%
iTr_____iTristan
50%
Pop_popbob
50%
Pyro____Pyrobyte
50%
Byr___Byrnsy
0%
c1y___c1yd3i
0%
che_____chezhead
0%
CreamO________CreamOFtheSlop
0%
georgebu_____georgebush420
0%
Har____Harblax
0%
jare_____jared2013
0%
Parth____Parthicus
0%
policem_____policemike55
0%
x___xcc2
0%

Score Distribution

Percentile by Number Answered

Percent of People with Each Score

Your Score History

You have not taken this quiz